Bill and Ted History Quiz Stats

 Plays Quiz Updated Oct 31, 2018

Score 0/8 Timer 02:00
12 Plays Today
% Correct
Abraham Lincoln
82%
Socrates
71.4%
Napoleon Bonaparte
70.9%
Joan of Arc
61%
Genghis Khan
58.7%
Billy the Kid
55.6%
Ludwig van Beethoven
45.4%
Sigmund Freud
44.2%

You're not logged in!

Compare scores with friends on all Sporcle quizzes.
OR
Log In

Sporcle TV

Today on Sporcle TV


Watch our educational content, quiz creation guides, and fun videos on Sporcle TV.

Show Comments

Extras

Top Quizzes Today


Score Distribution

Your Account Isn't Verified!

In order to create a playlist on Sporcle, you need to verify the email address you used during registration. Go to your Sporcle Settings to finish the process.

Report this User

Report this user for behavior that violates our Community Guidelines.

Details: